000 01010nam a2200277 c 4500
003 BLK
005 20180422113916.0
008 180410b bul|||||r ||||||| ||bul||
010 _aKNG00170667000
040 _aBLK
041 _aBUL
_cBUL
080 _aБългарска литература
_b821.163.2
_x-32
_z821.163.2-32
100 1 _aВазов, Иван Минчов
_eпърви автор
_9363396
139 _aВазов, Иван Минчов
_bВ 15
245 1 0 _aЧичовци
_bГалерия от типове и нрави български в турско време
_cИван Минчов Вазов.
257 _aBGR
260 София
_bБълг. писател
_c1956
300 _a112 с.
_c18 см
380 _aX
500 _a25 000 тир.
852 _aЦб І 267
856 4 _qpdf
_u
856 4 _qpdf
_u
942 _cKNG
_n0
944 _aCR
_c31.01.2015
_l31.01.2015 - от С1,Р / 31.01.2015
_kКина_Георгиева
944 _aED
_c31.01.2015
_l31.01.2015 - от С1,Р / 31.01.2015
_k
999 _c163262
_d163262